A városi tanácsos találkozások /

Elmentve itt :
Bibliográfiai részletek
Szerző: Gazdagh István
Dokumentumtípus: Cikk
Megjelent: 1984-09-29
Sorozat:Délmagyarország 74 No. 229
Kulcsszavak:Czipottné Nádor Éva, találkozások
Online Access:http://dmarchiv.bibl.u-szeged.hu/93061
LEADER 00484nab a2200157 i 4500
001 delm93061
005 20190903125740.0
008 190903s1984 hu o 0|| hun d
040 |a SZTE Délmagyarország Archívum  |b hun 
041 |a hun 
100 1 |a Gazdagh István 
245 1 2 |a A városi tanácsos   |h [elektronikus dokumentum] :  |b találkozások /  |c  Gazdagh István 
260 |c 1984-09-29 
300 |a 6 
490 0 |a Délmagyarország  |v 74 No. 229 
695 |a Czipottné Nádor Éva, találkozások